UK property index (Record no. 84182)

MARC details
000 -LEADER
fixed length control field 01068cad a22002055a 4500
001 - CONTROL NUMBER
control field L156856
008 - FIXED-LENGTH DATA ELEMENTS--GENERAL INFORMATION
fixed length control field 120720s2012 xxk 000 0 eng d
035 ## - SYSTEM CONTROL NUMBER
System control number (Sirsi) u156856
041 0# - LANGUAGE CODE
Language code of text/sound track or separate title eng
110 2# - MAIN ENTRY--CORPORATE NAME
Corporate name or jurisdiction name as entry element Jones Lang LaSalle
9 (RLIN) 3755
245 00 - TITLE STATEMENT
Title UK property index
Remainder of title Q2 2012 - July 2012
260 ## - PUBLICATION, DISTRIBUTION, ETC.
Place of publication, distribution, etc. London
Name of publisher, distributor, etc. JLL
Date of publication, distribution, etc. 2012
490 #0 - SERIES STATEMENT
Series statement Jones Lang LaSalle UK Property Index
520 ## - SUMMARY, ETC.
Summary, etc. The Q2 Property Index shows continued re-pricing of secondary assets relative to prime in light of poor economic prospects. This polarisation will continue as caution in the investment market leads to a focus on prime assets. Tables cover property performance (%), total return (%), yields (%), property,equities and gilts total returns, and performance by sector: total returns (%), capital growth (%), and rental growth (%).
590 ## - LOCAL NOTE (RLIN)
Local note NTK KA
651 #4 - SUBJECT ADDED ENTRY--GEOGRAPHIC NAME
Geographic name United Kingdom
690 ## - LOCAL SUBJECT ADDED ENTRY--TOPICAL TERM (OCLC, RLIN)
Topical term or geographic name as entry element Commercial property
9 (RLIN) 6227
856 40 - ELECTRONIC LOCATION AND ACCESS
Uniform Resource Identifier <a href="https://www.joneslanglasalle.co.uk/ResearchLevel1/JLL_UK_PROPERTY_INDEX_Q2_2012.pdf">https://www.joneslanglasalle.co.uk/ResearchLevel1/JLL_UK_PROPERTY_INDEX_Q2_2012.pdf</a>
Public note View the report at www.joneslanglasalle.co.uk
942 ## - ADDED ENTRY ELEMENTS (KOHA)
Suppress in OPAC 0
Holdings
Withdrawn status Lost status Source of classification or shelving scheme Damaged status Not for loan Home library Current library Shelving location Date acquired Total Checkouts Full call number Barcode Date last seen Copy number Price effective from Koha item type
    Dewey Decimal Classification     Virtual Virtual Online 20/07/2012   ONLINE PUBLICATION 156856-2001 06/08/2019 1 06/08/2019 Book